| 000 | 01559nam a22001817a 4500 | ||
|---|---|---|---|
| 005 | 20150812094707.0 | ||
| 008 | 150812b xxu||||| |||| 00| 0 eng d | ||
| 040 | _aANE | ||
| 041 | _aEs | ||
| 082 | _aTV-1060 | ||
| 100 |
_aGutiérrez, Lucio _eexpresidente de la república |
||
| 245 | _aLucio Gutiérrez dice que con menos plata redujo más la pobreza que Correa | ||
| 260 |
_aQuito _bEcuavisa _c2015-08-11 |
||
| 300 | _ap. | ||
| 520 | _aEl expresidente Lucio Gutiérrez, en réplica a las declaraciones del canciller Ricardo Patiño, recordó que los fueron los comandantes del Ejército, Marina y Aviación, los que ejecutaron el golpe de Estado financiado por el exmandatario venezolano Hugo Chávez, ya fallecido. "Esa es la verdad histórica". Dijo que su excelente gestión gubernamental, en lo social y económico, fue un obstáculo en la expansión del chavismo por eso se tuvo que sacar a Gutiérrez del poder. Según Gutiérrez, él con menos plata redujo más la pobreza que el Gobierno de Rafael Correa. Gutiérrez aclaró que de acuerdo al INEC, la pobreza se redujo en el 7, 7 %, entre el 2003 y 2005; mientras que desde el 2007 al 2009, en tiempos de la revolución ciudadana, cayó apenas un 0,7 %. | ||
| 650 | _apobreza/ex presidente república/dice/golpe estado/Comandantes Ejército/patrocinado hugo Chávez/verdad histórica/destaca excelente gestión gubernamental/social económico/onstáculo expansión chavismo/eso sacaron poder/redujo pobreza 2003-2005/2007-2009 INEC/revolución cidadana cayó/ | ||
| 942 |
_2ddc _cVM _zIES. |
||
| 999 |
_c30147 _d30147 |
||